00469nam a22001577a 450000500170000000800410001702000180005804100120007608200120008810000270010024500640012725000180019126000450020930000320025465000250028620231024105804.0231024b |||||||| |||| 00| 0 eng d a9780409055023 aEnglish a347 MAR aMarnewick, CGlEnglish aLitigation Skills for South African Lawyers /cCG Marnewick aThird Edition aDurban : bLexisNexis Butterworth,c2007 bxvii, 507 pages ;c24.4 cm. aLegal practice bLaw